Les plus grosse vente du Stade Rennais - Statistiques

Statistiques générales
  • Ce quiz a été pris 555 fois
    9 depuis la dernière actualisation
  • Le résultat moyen est 19 sur 35
Statistiques - réponses
Montant du transfert Club d'arrivée Saison Joueur % Correct
50 000 000 € Paris Saint-Germain 24/25 Désiré Doué
100%
31 000 000 € Real Madrid 21/22 Eduardo Camavinga
100%
23 000 000 € AS Roma 24/25 Enzo Lefée
100%
60 000 000 € Manchester City 23/24 Jérémy Doku
100%
30 000 000 € Al-Hilal 25/26 Kader Meïté
100%
20 000 000 € Leverkusen 24/25 Martin Terrier
100%
35 000 000 € Borussia Dortmund 16/17 Ousmane Dembélé
100%
30 000 000 € Nottingham Forest 25/26 Arnaud Kalimuendo
89%
20 000 000 € Bayern Munich 22/23 Mathys Tel
89%
30 000 000 € Watford 19/20 Ismaïla Sarr
78%
35 000 000 € West Ham United 22/23 Nayef Aguerd
78%
18 600 000 € Leeds United 20/21 Raphinha
78%
13 500 000 € Bournemouth 25/26 Adrien Truffert
67%
13 000 000 € Francfort 24/25 Arthur Theate
56%
10 000 000 € Al-Duhail SC 24/25 Benjamin Bourigeaud
56%
24 000 000 € Chelsea 20/21 Edouard Mendy
56%
15 000 000 € Leverkusen 24/25 Jeanuël Belocian
56%
12 000 000 € Séville FC 23/24 Loïc Badé
56%
25 000 000 € Wolfsburg 23/24 Lovro Majer
56%
15 000 000 € OGC Nice 22/23 Gaëtan Laborde
44%
25 000 000 € Southampton 22/23 Kamaldeen Sulemana
44%
27 000 000 € Chelsea 23/24 Lesley Ugochukwu
44%
12 000 000 € Roubine Kazan 12/13 Yann M'Vila
44%
11 500 000 € Ipswich Town 25/26 Azor Matusiwa
33%
13 000 000 € Chelsea 04/05 Petr Cech
33%
10 000 000 € Celtic Glasgow 24/25 Jota
33%
12 000 000 € Stuttgart 25/26 Lorenz Assignon
33%
19 000 000 € Marseille 24/25 Amine Gouiri
22%
20 000 000 € AS Monaco 00/01 Shabani Nonda
22%
10 600 000 € Watford 15/16 Abdouaye Doucouré
11%
13 500 000 € FC Seville 18/19 Joris Gnagnon
11%
10 000 000 € AS Monaco 17/18 Adama Diakhaby
0%
16 000 000 € AFC Sunderland 10/11 Asamoah Gyan
0%
10 000 000 € FC Portsmouth 07/08 John Utaka
0%
12 000 000 € Marseille 09/10 Stéphane Mbia
0%
Aucun quiz correspondant
Distribution des résultats
% des personnes avec chaque résultat
Percentile par nombre de réponses
Votre historique - résultats
Vous n’avez pas pris ce quiz depuis la dernière actualisation